MARC details
| 000 -LEADER |
| fixed length control field |
03576cam a2200457 i 4500 |
| 001 - CONTROL NUMBER |
| control field |
8523 |
| 003 - CONTROL NUMBER IDENTIFIER |
| control field |
FISKH |
| 005 - DATE AND TIME OF LATEST TRANSACTION |
| control field |
20250917123804.0 |
| 008 - FIXED-LENGTH DATA ELEMENTS--GENERAL INFORMATION |
| fixed length control field |
190924s2008 enka 000 1 eng d |
| 010 ## - LIBRARY OF CONGRESS CONTROL NUMBER |
| LC control number |
2019457138 |
| 020 ## - INTERNATIONAL STANDARD BOOK NUMBER |
| International Standard Book Number |
9780194790697 |
| Qualifying information |
(pbk.) |
| 020 ## - INTERNATIONAL STANDARD BOOK NUMBER |
| International Standard Book Number |
9780194790697 |
| 020 ## - INTERNATIONAL STANDARD BOOK NUMBER |
| International Standard Book Number |
019479069X |
| Qualifying information |
(pbk.) |
| 035 ## - SYSTEM CONTROL NUMBER |
| System control number |
21216402 |
| 035 ## - SYSTEM CONTROL NUMBER |
| System control number |
(OCoLC)350474174 |
| 037 ## - SOURCE OF ACQUISITION |
| Stock number |
52350 |
| Source of stock number/acquisition |
TVG |
| 040 ## - CATALOGING SOURCE |
| Original cataloging agency |
TVG |
| Language of cataloging |
eng |
| Transcribing agency |
TVG |
| Modifying agency |
OCLCQ |
| -- |
CNCGM |
| Description conventions |
rda |
| Modifying agency |
DLC |
| 050 00 - LIBRARY OF CONGRESS CALL NUMBER |
| Classification number |
PE1126.A4 |
| Item number |
B46 2008 |
| 082 04 - DEWEY DECIMAL CLASSIFICATION NUMBER |
| Classification number |
428.6 |
| 100 1# - MAIN ENTRY--PERSONAL NAME |
| Personal name |
Binder, Susan. |
| 245 10 - TITLE STATEMENT |
| Title |
Return to earth / |
| Statement of responsibility, etc. |
John Christopher ; retold by Susan Binder. |
| 250 ## - EDITION STATEMENT |
| Edition statement |
Simplified edition. |
| 260 ## - PUBLICATION, DISTRIBUTION, ETC. |
| Place of publication, distribution, etc. |
Oxford : |
| Name of publisher, distributor, etc. |
Oxford University Press, |
| Date of publication, distribution, etc. |
2008. |
| 300 ## - PHYSICAL DESCRIPTION |
| Extent |
56 pages : |
| Other physical details |
illustrations ; |
| Dimensions |
20 cm. |
| 336 ## - CONTENT TYPE |
| Content type term |
text |
| Content type code |
txt |
| Source |
rdacontent |
| 337 ## - MEDIA TYPE |
| Media type term |
unmediated |
| Media type code |
n |
| Source |
rdamedia |
| 338 ## - CARRIER TYPE |
| Carrier type term |
volume |
| Carrier type code |
nc |
| Source |
rdacarrier |
| 490 1# - SERIES STATEMENT |
| Series statement |
Oxford bookworms. Stage 2 |
| 505 ## - FORMATTED CONTENTS NOTE |
| Formatted contents note |
P<br/> |
| 520 ## - SUMMARY, ETC. |
| Summary, etc. |
Help your students read their way to better English with this new edition of the world's best graded readers - now with a new range of World Stories, fully revised Factfiles, more audio, and new tests. The new edition includes the original Bookworms stories, plus the Starters, Playscripts and Factfiles, making it easy for you to see the full choice of books at each Stage. The highly acclaimed seven-stage system of grading, from Starter to Stage 6, remains the same, helping you to find the right level for all your students. The Oxford Bookworms Library provides superb reading and student / teacher support for the classroom, and is also highly recommended for schools running Extensive Reading Programmes, offering the right range of books that encourage students to read for pleasure. Key Features Stunning NEW covers, to get students interested from the start. NEW World Stories - collections of short stories written in English from around the world - Africa, Australia, South Asia and more... UPDATED Factfiles, with NEW text and colour photos, and a new look. UPDATED Tests, including a NEW Multiple-choice Test for every book. NEW Teacher's Handbook for each Stage, with answers to the activities in all the books. UPDATED Activity Worksheets with a story summary & worksheets at Stages 1-4. MORE books available with Audio for students to listen to the complete text. Illustrations (including new ones in selected stories) to support the book and help introduce new vocabulary. About the Author information, Glossary and Activities section at the back of every book. FREE answer keys, tests, story summaries, and photocopiable activities from www.oup.com/elt/bookwormsDescription Fantasy & Horror 700 Headwords Wordcount 6,250 Available on Audio CDAs they walk through a park in the distant future, Harl and Ellen talk about their work and their lives. But they will never have a life together because their work as scientists is more important to them than their love. Harl plans to leave Earth, on a long and dangerous journey through space. Ellen plans to stay on Earth, to change the way the human mind works. When Harl returns to Earth, Ellen will be long dead . . . and the world will be a very different place. |
| 521 8# - TARGET AUDIENCE NOTE |
| Target audience note |
530<br/> |
| Source |
Lexile estimate<br/> |
| 521 8# - TARGET AUDIENCE NOTE |
| Target audience note |
P<br/> |
| Source |
Raz-Plus<br/> |
| 650 #0 - SUBJECT ADDED ENTRY--TOPICAL TERM |
| Topical term or geographic name entry element |
English language |
| General subdivision |
Reading comprehension. |
| 650 #0 - SUBJECT ADDED ENTRY--TOPICAL TERM |
| Topical term or geographic name entry element |
Readers. |
| 650 #7 - SUBJECT ADDED ENTRY--TOPICAL TERM |
| Topical term or geographic name entry element |
Readers. |
| Source of heading or term |
fast |
| Authority record control number or standard number |
(OCoLC)fst01090554 |
| 655 #0 - INDEX TERM--GENRE/FORM |
| Genre/form data or focus term |
Science fiction, English. |
| 655 #0 - INDEX TERM--GENRE/FORM |
| Genre/form data or focus term |
Adventure stories, English. |
| 906 ## - LOCAL DATA ELEMENT F, LDF (RLIN) |
| a |
7 |
| b |
cbc |
| c |
copycat |
| d |
2 |
| e |
ncip |
| f |
20 |
| g |
y-gencatlg |
| 942 ## - ADDED ENTRY ELEMENTS (KOHA) |
| Source of classification or shelving scheme |
Dewey Decimal Classification |
| Koha item type |
Books |
| Suppress in OPAC |
No |